000 00452nam a2200145 i 4500
001 129250
003 ES-MaACL
005 20230906193451.0
007 t|
008 070611s1905 sp ||||1| spa d
100 1 _aTerradas, Esteban.
_9109767
245 1 0 _aAlgunas propiedades sencillas de la luz absorbida por ciertos cuerpos cristalinos
_b: memoria /
_cEsteban Terradas.
260 _aBarcelona :
_b[s.n.],
_c1905.
852 _aES-MaACL
_jT-1078-F-7
999 _c129250
_d129250